Станции метро Синей линии Санкт-Петербурга - Statistics

General Stats
  • This quiz has been taken 46 times
  • The average score is 15 of 18
Answer Stats
Answer % Correct
Невский проспект
93%
Парнас
91%
Озерки
91%
Купчино
91%
Горьковская
89%
Московская
89%
Петроградская
87%
Московские ворота
87%
Удельная
84%
Технологический институт
84%
Проспект Просвещения
82%
Чёрная речка
82%
Сенная площадь
82%
Электросила
82%
Пионерская
80%
Парк Победы
80%
Звёздная
73%
Фрунзенская
71%
No matching quizzes found
Score Distribution
Percent of People with Each Score
Percentile by Number Answered
Your Score History
You have not taken this quiz